Guess The Ariana Grande Song by First Lyrics: sweetener - Statistics

General Stats
  • This quiz has been taken 614 times
  • The average score is 12 of 15
Answer Stats
Hint Answer % Correct
"Right now, I'm in a state of mind" no tears left to cry
93%
"When ________ fell down form the sky..." raindrops (an angel cried)
91%
"Some days, things just take way too much of my energy..." breathin
89%
"Back to you, back to you..." everytime
88%
"You, you love it, how I move you..." God is a woman
88%
"When life deals us cards..." sweetener
86%
"Last night, boy I met you..." r.e.m
85%
"Tell me why you gotta look at me that way..." goodnight n go
78%
"I thought you into my life..." pete davidson
78%
"You keep me in your orbit..." better off
77%
"There is somethin' between us..." blazed
75%
"You wouldn't let anybody speak, and instead..." the light is coming
75%
"Baby, I just want you to be mine..." borderline
72%
"You can feel it, feel it..." get well soon
72%
"I just got some real good news from work..." successful
71%
No matching quizzes found
Score Distribution
Percent of People with Each Score
Percentile by Number Answered
Your Score History
You have not taken this quiz